000 00209nam a22000857a 4500
008 160706b xxu||||| |||| 00| 0 eng d
100 _92322
_a Prakash, V
245 _aFriendly
260 _aNew Delhi
_bDreamland
_c2004
999 _c2002
_d2002